000 nam a22 7a 4500
999 _c10400
_d10400
008 180216b ||||| |||| 00| 0 eng d
100 _aGupta,R.G.
_96353
245 _aUnderstanding Composite Mathematics-3
260 _aNew Delhi
_bAPC